Регионална библиотека "Любен Каравелов" - Русе

Процесът (Запис номер 495428)

MARC детайли
000 -Лидер
Лидер 00984nam a2200289 c 4500
003 - Код на организацията, давaща контролен номер
Код на организацията, даваща контролен номер BLK
005 - Дата и час на последна редакция
Дата и час на последна редакция 20250718093838.0
008 - Елементи от данни с фиксирана дължина
Елементи с фиксирана дължина 180411b bul|||||r ||||||| ||bul||
020 ## - Международен стандартен номер на книга ISBN
ISBN 9789543897445
040 ## - Източник на каталожния запис
Код на библиотеката BLK
041 ## - Код за език
Език Български
Език за КДБФ Български
080 ## - УДК
УДК текст Английска литература
УДК код 821.111
УДК – определител -312.4
УДК – код + определител 821.111-312.4
100 ## - Редна дума - Автор
Автор Риндър, Роб
R(LIN) 489116
245 10 - Сведения за заглавието
Заглавие Процесът
Подзаглавни данни Роман
Авторска отговорност Роб Риндър; прев. от англ. Росица Тодорова
260 ## - Област на издателските данни
Име на издателя Ера
Година на издаване 2023
Място на издаване София
300 ## - Физическа характеристика
Брой страници 352 с.
Размер 20 см
380 ## - Жанр
Жанр Худож. лит.
490 ## - СЕРИИ (Колекции)
Серия Ератрилър
700 ## - Други автори (авторска отговорност)
Друг автор Тодорова, Росица
Дати, свързани с автора 1949-
Пълното име на др. автор Иванова, Росица Тодорова
9 (RLIN) 472701
856 4# - Електронен адрес и достъп
Електронен формат pdf - файл
856 4# - Електронен адрес и достъп
Електронен формат pdf - файл
942 ## - АРТИКУЛИ
Вид на библиотечния документ Книги
Скрит в OPAC Не
Koha issues (borrowed), all copies 75
944 ## - СЪЗДАВАНЕ И РЕДАКЦИЯ на ЗАПИСА
Дата на регистрацията/редакция Нора Радева
Служител, извършил регистрацията/редакцията 30529
Номер на служител Диана Гривева
Създаване/Редакция
999 ## - СИСТЕМНИ КОНТРОЛНИ НОМЕРА
Koha biblionumber 495428
Koha biblioitemnumber 495428
999 ## - СИСТЕМНИ КОНТРОЛНИ НОМЕРА
Koha biblioitemnumber 495424
999 ## - СИСТЕМНИ КОНТРОЛНИ НОМЕРА
Koha biblioitemnumber 177969
Наличности
Код за отписване Код за изгубен артикул Източник на класификационната схема Код за повреда Код за отдаване Артикулен № Име на библиотеката - собственик Име на библиотеката, в която се намира в момента Статус (Текущо местоположение) Дата на вписване в системата Местоположение - отдел Цена в лева Инвентарен номер Систематично азбучна сигнатура Баркод Цена в евро Служебен тип на артикула Коз за рестрикции
  Не е изгубен Universal Decimal Classification Не е повреден заемане за дома 933528 Регионална библиотека "Любен Каравелов" Русе Регионална библиотека "Любен Каравелов" Русе Заемна - подръчен фонд 2023-09-14 Заемна - подръчен фонд 19.99 120000892663 821-31/Р 63 Р 120000892663 10.22 Книги  
  Не е изгубен Universal Decimal Classification Не е повреден заемане за дома 933529 Регионална библиотека "Любен Каравелов" Русе Регионална библиотека "Любен Каравелов" Русе Заемна - подръчен фонд 2023-09-14 Заемна - подръчен фонд 19.99 120000892662 821-31/Р 63 Р 120000892662 10.22 Книги  
  Не е изгубен Universal Decimal Classification Не е повреден ползва се в читалня 942974 Регионална библиотека "Любен Каравелов" Русе Регионална библиотека "Любен Каравелов" Русе Хранилище 2024-05-29 Хранилище 19.99 120000908084 Цб 322615 120000908084 10.22 Книги само за читалня
Vip Innovations Ltd, Rousse, Bulgaria 2025